000 00734cab a2200265 4500
001 WB2307-01
008 090401t1987 xxu||||| |||| 00| 0 eng d
035 _a(Sirsi) u13073
041 _aeng
245 _aAgricultural land use
260 _c1987
350 _a0
490 _aHansard
_v9/2/87 p45-50(6)
520 _aText of Minister of Agriculture`s revised statement on alternative uses of surplus farmland and the promotion of environmental protection.
650 _aALTERNATIVE LAND USE
650 _aALURE
650 _aDIVERSIFICATION
650 _aDOE
650 _aDRAFT CIRCULAR
650 _aPLANNING CONTROL
650 _aRURAL ECONOMY
690 _aRURAL PRACTICE
942 _n0
948 _c04/03/1997
999 _c8404
_d8404